The Effects of Leadership styles on innovative work behaviour and Organisational culture in the transportation sector of Yemen
محفوظ في:
| المؤلف الرئيسي: | |
|---|---|
| التنسيق: | كتاب |
| منشور في: |
Gombak, Selangor
Graduate School of Management International Islamic University Malaysia
2021
|
| الوسوم: |
إضافة وسم
لا توجد وسوم, كن أول من يضع وسما على هذه التسجيلة!
|
| LEADER | 00529nam a2200109 4500 | ||
|---|---|---|---|
| 040 | |a lcc | ||
| 100 | |9 576300 |a Mohammed, Samah | ||
| 245 | |a The Effects of Leadership styles on innovative work behaviour and Organisational culture in the transportation sector of Yemen | ||
| 260 | |a Gombak, Selangor |b Graduate School of Management International Islamic University Malaysia |c 2021 | ||
| 942 | |2 lcc | ||
| 999 | |c 516994 |d 548411 | ||
| 952 | |0 0 |1 0 |2 lcc |4 0 |7 5 |8 IIUMTHESIS |9 1017141 |a IIUM |b IIUM |c THESIS |d 2023-07-06 |e MGIFT |p 11100484270 |r 2023-07-06 |w 2023-07-06 |y THESIS | ||
